[Event "Oberbayern Bezirksliga 1718"]
[Site "Germany"]
[Date "2018.01.21"]
[Round "5.7"]
[White "Strecker, Gerhard"]
[Black "Herrmann, Michael2222"]
[Result "1/2-1/2"]
[WhiteElo "1908"]
[BlackElo "2075"]
[PlyCount "70"]
[EventDate "2017.10.22"]
[EventType "team-tourn"]
[EventRounds "9"]
[EventCountry "GER"]
[SourceTitle "EXT 2019"]
[Source "ChessBase"]
[SourceDate "2018.10.10"]
[SourceVersion "1"]
[SourceVersionDate "2018.10.10"]
[SourceQuality "1"]
[WhiteTeam "Starnberg II"]
[BlackTeam "Freilassing"]
[WhiteTeamCountry "GER"]
[BlackTeamCountry "GER"]

1. e4 c6 2. d4 d5 3. e5 Bf5 4. Nf3 e6 5. Be2 Nd7 6. 0-0 Ne7 7. Be3 Bg4 8. Nbd2 Nf5 9. Bf4 Be7 10. h3 Bxf3 11. Nxf3 0-0 12. Qd2 c5 13. c3 cxd4 14. cxd4 Qb6 15. Rfc1 Rfc8 16. Bd3 g6 17. Bxf5 exf5 18. Rc2 Rc6 19. Rac1 Rac8 20. a3 Nf8 21. Rxc6 Rxc6 22. Rxc6 Qxc6 23. Bg5 Bxg5 24. Nxg5 b5 25. Qc3 Qxc3 26. bxc3 h6 27. Nf3 Nd7 28. Kf1 Nb6 29. Nd2 Nc4 30. Nxc4 bxc4 31. Ke2 Kf8 32. f4 Ke7 33. g3 h5 34. h4 Kd7 35. Kd2 Kc6 1/2-1/2

[Event "Oberbayern Bezirksliga 1718"]
[Site "Germany"]
[Date "2017.12.10"]
[Round "4.8"]
[White "Strecker, Gerhard"]
[Black "Hashagen, Tim"]
[Result "1-0"]
[WhiteElo "1908"]
[BlackElo "1749"]
[PlyCount "39"]
[EventDate "2017.10.22"]
[EventType "team-tourn"]
[EventRounds "9"]
[EventCountry "GER"]
[SourceTitle "EXT 2019"]
[Source "ChessBase"]
[SourceDate "2018.10.10"]
[SourceVersion "1"]
[SourceVersionDate "2018.10.10"]
[SourceQuality "1"]
[WhiteTeam "Starnberg II"]
[BlackTeam "Fuerstenfeldbruck"]
[WhiteTeamCountry "GER"]
[BlackTeamCountry "GER"]

1. e4 e6 2. d4 d5 3. Nd2 Nf6 4. e5 Nfd7 5. Bd3 c5 6. c3 Nc6 7. Ne2 Qb6 8. Nf3 Be7 9. 0-0 cxd4 10. cxd4 0-0 11. Re1 f6 12. exf6 Bxf6 13. Nf4 Nxd4 14. Nxd4 Bxd4 15. Rxe6 Bxf2+ 16. Kh1 Qd4 17. Bxh7+ Kxh7 18. Qh5+ Kg8 19. Ng6 Nf6 20. Ne7# 1-0

[Event "Oberbayern Bezirksliga 1617"]
[Site "Germany"]
[Date "2017.03.19"]
[Round "7.8"]
[White "Pruell, Lukas"]
[Black "Strecker, Gerhard"]
[Result "1/2-1/2"]
[WhiteElo "1982"]
[BlackElo "1907"]
[PlyCount "37"]
[EventDate "2016.10.16"]
[EventType "team-tourn"]
[EventRounds "9"]
[EventCountry "GER"]
[SourceTitle "EXT 2019"]
[Source "ChessBase"]
[SourceDate "2018.10.10"]
[SourceVersion "1"]
[SourceVersionDate "2018.10.10"]
[SourceQuality "1"]
[WhiteTeam "Freilassing"]
[BlackTeam "Starnberg"]
[WhiteTeamCountry "GER"]
[BlackTeamCountry "GER"]

1. e4 c5 2. Nf3 g6 3. Bc4 Bg7 4. 0-0 Nc6 5. c3 e6 6. d4 cxd4 7. cxd4 d5 8. exd5 exd5 9. Re1+ Nge7 10. Bb3 0-0 11. Nc3 Bg4 12. Be3 Qd7 13. h3 Bxf3 14. Qxf3 Nxd4 15. Bxd4 Bxd4 16. Nxd5 Nxd5 17. Bxd5 Rae8 18. Rxe8 Qxe8 19. Rd1 1/2-1/2

[Event "Oberbayern Bezirksliga 1617"]
[Site "Germany"]
[Date "2016.11.20"]
[Round "2.7"]
[White "Strecker, Gerhard"]
[Black "Peter, Christian"]
[Result "1-0"]
[WhiteElo "1907"]
[BlackElo "2001"]
[PlyCount "120"]
[EventDate "2016.10.16"]
[EventType "team-tourn"]
[EventRounds "9"]
[EventCountry "GER"]
[SourceTitle "EXT 2019"]
[Source "ChessBase"]
[SourceDate "2018.10.10"]
[SourceVersion "1"]
[SourceVersionDate "2018.10.10"]
[SourceQuality "1"]
[WhiteTeam "Starnberg"]
[BlackTeam "Ebersberg Grafing"]
[WhiteTeamCountry "GER"]
[BlackTeamCountry "GER"]

1. e4 c6 2. d4 g6 3. Nf3 d5 4. e5 Bg7 5. Be2 Bg4 6. 0-0 Nh6 7. Bf4 0-0 8. h3 Bxf3 9. Bxf3 f6 10. exf6 exf6 11. Qd2 Nf7 12. Nc3 Nd7 13. Rfe1 Nb6 14. b3 Qd7 15. Re2 Rae8 16. Rae1 f5 17. Nd1 Nc8 18. c3 Ncd6 19. Rxe8 Rxe8 20. Rxe8+ Qxe8 21. Nb2 Ne4 22. Bxe4 Qxe4 23. Nd3 g5 24. Bb8 a6 25. Nc5 Qe8 26. Bc7 Qe7 27. Bb8 f4 28. Ba7 Nd6 29. Kf1 Ne4 30. Qe1 Kf7 31. Nd3 Qc7 32. Bc5 b6 33. Ba3 h6 34. f3 Ng3+ 35. Kf2 Nf5 36. Bc1 Qe7 37. Qxe7+ Kxe7 38. Nb4 c5 39. dxc5 bxc5 40. Nxd5+ Kd6 41. c4 Bd4+ 42. Ke1 Nh4 43. Kf1 Nf5 44. Bd2 Kc6 45. Be1 Bg7 46. Ke2 Bf8 47. Kd3 Nd6 48. a3 Bg7 49. Bf2 Nf5 50. b4 Bb2 51. Bxc5 Nh4 52. Bf8 Ng6 53. Ne7+ Nxe7 54. Bxe7 Kd7 55. Bf8 Bxa3 56. Bxh6 Bxb4 57. Bxg5 Bd6 58. Kd4 Ke6 59. c5 Be5+ 60. Kc4 Kf5 1-0

[Event "Bayern-ch Seniors op 27th"]
[Site "Bergen"]
[Date "2015.06.15"]
[Round "3"]
[White "Boldt, Heinrich"]
[Black "Strecker, Gerhard"]
[Result "1/2-1/2"]
[WhiteElo "1682"]
[BlackElo "1930"]
[PlyCount "63"]
[EventDate "2015.06.15"]
[EventType "swiss"]
[EventRounds "9"]
[EventCountry "GER"]
[SourceTitle "EXT 2019"]
[Source "ChessBase"]
[SourceDate "2018.10.10"]
[SourceVersion "1"]
[SourceVersionDate "2018.10.10"]
[SourceQuality "1"]

1. d4 Nf6 2. Nf3 e6 3. g3 b6 4. Bg2 Bb7 5. 0-0 c5 6. c3 Be7 7. Bg5 0-0 8. Re1 d6 9. dxc5 bxc5 10. Qb3 Qc7 11. Nbd2 Nc6 12. e4 Rab8 13. Qc2 h6 14. Bf4 g5 15. e5 gxf4 16. exf6 Bxf6 17. Ne4 Bg7 18. gxf4 Ne7 19. Ng3 Bd5 20. Nh4 Bxg2 21. Nxg2 Qb7 22. Rab1 Qf3 23. Re3 Qb7 24. f5 Nd5 25. Rd3 Be5 26. Nh5 c4 27. Rh3 exf5 28. f4 f6 29. Qxf5 Qh7 30. Qxh7+ Kxh7 31. fxe5 dxe5 32. Kf2 1/2-1/2

[Event "Bayern-ch Seniors op 27th"]
[Site "Bergen"]
[Date "2015.06.15"]
[Round "1"]
[White "Breuer, Herbert"]
[Black "Strecker, Gerhard"]
[Result "0-1"]
[WhiteElo "1594"]
[BlackElo "1930"]
[PlyCount "90"]
[EventDate "2015.06.15"]
[EventType "swiss"]
[EventRounds "9"]
[EventCountry "GER"]
[SourceTitle "EXT 2019"]
[Source "ChessBase"]
[SourceDate "2018.10.10"]
[SourceVersion "1"]
[SourceVersionDate "2018.10.10"]
[SourceQuality "1"]

1. Nf3 Nf6 2. g3 g6 3. Bg2 Bg7 4. d3 d5 5. 0-0 0-0 6. Nbd2 Nc6 7. a3 e5 8. h3 Qe7 9. Nh2 Be6 10. c3 Qd7 11. g4 Rae8 12. Nb3 b6 13. Bd2 a5 14. Be1 h6 15. Rc1 Nh7 16. e3 f5 17. f3 Qf7 18. d4 f4 19. Bf2 a4 20. Na1 Bd7 21. Nc2 Na5 22. Nb4 fxe3 23. Bxe3 Nc4 24. Bf2 Nxb2 25. Qc2 Nc4 26. Rcd1 exd4 27. cxd4 Bb5 28. f4 c6 29. Qc1 Qxf4 30. Qc3 Ne3 31. Bxe3 Qxe3+ 32. Qxe3 Rxe3 33. Rxf8+ Nxf8 34. Nf3 Ne6 35. Nc2 Rc3 36. Nfe1 Bf6 37. Rd2 Nf4 38. Kh2 Be7 39. h4 Bxh4 40. Nf3 Be7 41. Ne5 Bd6 42. Ne1 Rxa3 43. N1f3 Ne2 44. Bf1 Rxf3 45. Kg2 Rxf1 0-1

[Event "Bayern-ch Seniors op 27th"]
[Site "Bergen"]
[Date "2015.06.15"]
[Round "4"]
[White "Strecker, Gerhard"]
[Black "Baumgartner, Andreas"]
[Result "1-0"]
[WhiteElo "1930"]
[BlackElo "1677"]
[PlyCount "43"]
[EventDate "2015.06.15"]
[EventType "swiss"]
[EventRounds "9"]
[EventCountry "GER"]
[SourceTitle "EXT 2019"]
[Source "ChessBase"]
[SourceDate "2018.10.10"]
[SourceVersion "1"]
[SourceVersionDate "2018.10.10"]
[SourceQuality "1"]

1. e4 c6 2. d4 d5 3. e5 Bf5 4. Nf3 e6 5. Be2 c5 6. Be3 cxd4 7. Nxd4 Bg6 8. 0-0 Nd7 9. c4 Nxe5 10. cxd5 Qxd5 11. Qa4+ Nc6 12. Bb5 Rc8 13. Rd1 a6 14. Bxc6+ bxc6 15. Qxa6 Qd7 16. Nc3 Ne7 17. Rac1 Nd5 18. Nxd5 exd5 19. Nxc6 f6 20. Rxd5 Qe6 21. Qb5 Be4 22. Ne5+ 1-0

[Event "Munich OIS op 31st"]
[Site "Munich"]
[Date "2011.09.23"]
[Round "7"]
[White "Strecker, Gerhard"]
[Black "Meister, Peter"]
[Result "0-1"]
[WhiteElo "2026"]
[BlackElo "2428"]
[PlyCount "38"]
[EventDate "2011.09.17"]
[EventType "swiss"]
[EventRounds "9"]
[EventCountry "GER"]
[SourceTitle "CBM 144 Extra"]
[Source "ChessBase"]
[SourceDate "2011.10.28"]
[SourceVersion "1"]
[SourceVersionDate "2011.10.28"]
[SourceQuality "1"]

1. e4 g6 2. d4 Bg7 3. Be3 d6 4. Nc3 a6 5. Qd2 Nd7 6. Nge2 b5 7. a3 c5 8. b4 cxd4 9. Nxd4 Bb7 10. Bd3 Ngf6 11. f3 0-0 12. a4 bxa4 13. Nxa4 d5 14. exd5 Nxd5 15. Be4 Nxe3 16. Bxb7 Bxd4 17. c3 Ba7 18. Bxa8 Qxa8 19. Qxd7 Nxg2+ 0-1

[Event "Regionalliga SO 0910"]
[Site "Bayern"]
[Date "2010.03.21"]
[Round "8.8"]
[White "Bacholke, Michael"]
[Black "Strecker, Gerhard"]
[Result "1/2-1/2"]
[WhiteElo "1885"]
[BlackElo "1852"]
[PlyCount "100"]
[EventDate "2009.10.18"]
[EventType "team-tourn"]
[EventRounds "9"]
[EventCountry "GER"]
[SourceTitle "EXT 2011"]
[Source "ChessBase"]
[SourceDate "2010.11.26"]
[SourceVersion "1"]
[SourceVersionDate "2010.11.26"]
[SourceQuality "1"]
[WhiteTeam "Deggendorf"]
[BlackTeam "Starnberg"]
[WhiteTeamCountry "GER"]
[BlackTeamCountry "GER"]

1. e4 c5 2. Nf3 Nc6 3. Bb5 g6 4. Bxc6 bxc6 5. 0-0 Bg7 6. Re1 Nf6 7. e5 Nd5 8. c4 Nb6 9. Qe2 0-0 10. Nc3 d6 11. h3 Be6 12. d3 d5 13. b3 h6 14. Bd2 d4 15. Ne4 Nd7 16. b4 cxb4 17. Bxb4 Rb8 18. Rab1 a5 19. Ba3 Rxb1 20. Rxb1 Nxe5 21. Nxe5 Bxe5 22. Nc5 Qd6 23. Nxe6 Qxe6 24. Qd2 Ra8 25. Qxh6 Qf5 26. Qd2 Bf4 27. Qe2 e5 28. Qf3 Rc8 29. Rb7 Kg7 30. Bd6 Qe6 31. Bc5 Bg5 32. Qe4 Qf5 33. Qxf5 gxf5 34. a4 Kg6 35. f3 Re8 36. Rb6 Re6 37. Kf2 Be3+ 38. Ke2 Kg5 39. Rb8 e4 40. Rg8+ Kh4 41. fxe4 Bg5 42. Bxd4 fxe4 43. Bf2+ Kh5 44. g4+ Kh6 45. h4 exd3+ 46. Kxd3 Rd6+ 47. Ke4 Re6+ 48. Kd3 Rd6+ 49. Ke4 Re6+ 50. Kd3 Rd6+ 1/2-1/2

[Event "Regionalliga SO 0708"]
[Site "Bayern"]
[Date "2007.10.21"]
[Round "1.7"]
[White "Meingast, Markus"]
[Black "Strecker, Gerhard"]
[Result "1-0"]
[WhiteElo "2036"]
[BlackElo "1898"]
[PlyCount "53"]
[EventDate "2007.10.21"]
[EventType "team-tourn"]
[EventRounds "9"]
[EventCountry "GER"]
[SourceTitle "EXT 2009"]
[Source "ChessBase"]
[SourceDate "2008.11.26"]
[SourceVersion "1"]
[SourceVersionDate "2008.11.26"]
[SourceQuality "1"]
[WhiteTeam "Pang/Rosenheim II"]
[BlackTeam "Starnberg"]
[WhiteTeamCountry "GER"]
[BlackTeamCountry "GER"]

1. e4 c5 2. Nc3 Nc6 3. g3 g6 4. Bg2 Bg7 5. d3 e6 6. f4 Nge7 7. Nf3 d5 8. 0-0 0-0 9. g4 Nd4 10. e5 Nec6 11. Nxd4 Nxd4 12. Ne2 Nc6 13. Be3 b6 14. d4 cxd4 15. Nxd4 Nxd4 16. Qxd4 Ba6 17. Rf3 Qd7 18. f5 f6 19. fxe6 Qd8 20. exf6 Bxf6 21. Rxf6 Qxf6 22. Qxf6 Rxf6 23. Bxd5 Re8 24. e7+ Kg7 25. Bd4 h6 26. Re1 Bb5 27. Re6 1-0